All Formula One Podium Finishers Ever - Statistics

General Stats
  • This quiz has been taken 2,362 times
    363 since last reset
  • The average score is 101 of 194
Answer Stats
Nationality Podiums Active Years Driver % Correct
Netherlands 2 1994-98, 2000-01, 2003 Jos Verstappen
95%
Finland 103 2001-09, 2012-21 Kimi Räikkönen
95%
UK 202 2007- Lewis Hamilton
95%
Netherlands 127 2015- Max Verstappen
95%
Germany 155 1991-2006, 2010-12 Michael Schumacher
95%
Australia 26 2023- Oscar Piastri
95%
Germany 27 1997-2007 Ralf Schumacher
95%
Brazil 80 1984-94 Ayrton Senna
94%
Spain 106 2001, 2003-18, 2021- Fernando Alonso
94%
Monaco 50 2018- Charles Leclerc
93%
Finland 17 1978-86 Keke Rosberg
93%
UK 44 2019- Lando Norris
93%
Australia 42 2002-13 Mark Webber
93%
Germany 57 2006-16 Nico Rosberg
93%
Germany 122 2007-22 Sebastian Vettel
93%
France 106 1980-91, 1993 Alain Prost
92%
Spain 29 2015- Carlos Sainz Jr.
92%
Finland 67 2013-24, 2026- Valtteri Bottas
92%
Australia 32 2011-24 Daniel Ricciardo
91%
Argentina 35 1950-51, 1953-58 Juan Manuel Fangio
91%
Canada 3 2017- Lance Stroll
91%
Finland 51 1991-2001 Mika Häkkinen
91%
Germany 1 2010, 2012-20, 2022- Nico Hülkenberg
91%
Austria 54 1971-79, 1982-85 Niki Lauda
91%
France 4 2016-18, 2020- Esteban Ocon
90%
France 5 2017- Pierre Gasly
90%
Mexico 39 2011-24, 2026- Sergio Pérez
90%
(West) Germany 8 1973-82 Jochen Mass
89%
Denmark 1 2014, 2016-20, 2022-24 Kevin Magnussen
89%
Thailand 2 2019-20, 2022- Alexander Albon
88%
Brazil 41 2002, 2004-17 Felipe Massa
88%
Canada 13 1977-82 Gilles Villeneuve
88%
Canada 23 1996-2006 Jacques Villeneuve
88%
UK 50 2000-17 Jenson Button
88%
UK 24 2019- George Russell
87%
Brazil 60 1978-91 Nelson Piquet
87%
Brazil 1 2008-09 Nelson Piquet Jr.
87%
Brazil 68 1991-2011 Rubens Barrichello
87%
Italy 3 2025- Andrea Kimi Antonelli
85%
Colombia 30 2001-06 Juan Pablo Montoya
85%
UK 59 1980-92, 1994-95 Nigel Mansell
85%
Poland 12 2006-10, 2019, 2021 Robert Kubica
85%
UK 42 1992-99 Damon Hill
84%
UK 36 1958-75 Graham Hill
84%
USA 16 1958-64, 1966 Phil Hill
84%
Italy 17 1950-55 Alberto Ascari
82%
Russia 3 2014-17, 2019-20 Daniil Kvyat
81%
France 1 2025- Isack Hadjar
81%
UK 62 1994-2008 David Coulthard
80%
Italy 20 1950-55 Giuseppe Farina
80%
Belgium 25 1967-79 Jacky Ickx
80%
Australia 24 1975-81, 1983, 1985-86 Alan Jones
79%
Brazil 35 1970-80 Emerson Fittipaldi
79%
Australia 31 1955-70 Jack Brabham
79%
South Africa 33 1972-80 Jody Scheckter
79%
Venezuela 1 2011-15 Pastor Maldonado
79%
UK 43 1965-73 Jackie Stewart
78%
New Zealand 27 1959-70 Bruce McLaren
77%
Austria 48 1984-97 Gerhard Berger
77%
Austria 13 1964-70 Jochen Rindt
76%
USA 19 1968-72, 1974-82 Mario Andretti
76%
USA 1 1993 Michael Andretti
76%
New Zealand 33 1965-74 Denny Hulme
74%
UK 32 1960-68 Jim Clark
74%
Finland 4 2007-13 Heikki Kovalainen
73%
Italy 19 1996-2009 Giancarlo Fisichella
72%
Italy 11 1997-2011 Jarno Trulli
72%
France 10 2009, 2012-20 Romain Grosjean
72%
Argentina 45 1972-82 Carlos Reutemann
71%
Germany 18 1994-2003 Heinz-Harald Frentzen
71%
Japan 1 2009-12, 2014 Kamui Kobayashi
70%
Sweden 26 1970-78 Ronnie Peterson
69%
UK 23 1973-79 James Hunt
68%
UK 24 1950-62 Stirling Moss
68%
Switzerland 28 1970-80 Clay Regazzoni
67%
France 32 1989-2001 Jean Alesi
67%
Germany 13 2000-11 Nick Heidfeld
65%
UK 24 1960-72 John Surtees
64%
France 22 1977-89 René Arnoux
64%
UK 26 1993-2002 Eddie Irvine
63%
Italy 37 1977-93 Riccardo Patrese
63%
Japan 1 2002-2008 Takuma Sato
63%
Finland 2 1994-2000, 2002 Mika Salo
62%
UK 18 1952-58 Mike Hawthorn
61%
Mexico 7 1963-71 Pedro Rodriguez
60%
Russia 1 2010-12 Vitaly Petrov
60%
France 5 1994-99, 2001-04 Olivier Panis
59%
Spain 1 1999-2002, 2005-06, 2010-12 Pedro de la Rosa
59%
Argentina 15 1950-57, 1960 José Froilan Gonzalez
56%
UK 7 1989-2000 Johnny Herbert
54%
Italy 23 1981-94 Michele Alboreto
54%
France 13 1978-82 Didier Pironi
53%
France 32 1974-86 Jacques Laffite
53%
Belgium 15 1983-93 Thierry Boutsen
53%
Germany 3 2004, 2008-12 Timo Glock
53%
(West) Germany 6 1956-61 Wolfgang von Trips
53%
Austria 3 1997-2000, 2005, 2007 Alexander Wurz
52%
USA 19 1959-68, 1970 Dan Gurney
49%
Italy 9 1979-86 Elio de Angelis
49%
France 11 1977-86 Patrick Tambay
48%
France 13 1970-73 François Cevert
47%
UK 20 1973-83, 1985 John Watson
47%
Brazil 6 1972-77 José Carlos Pace
47%
UK 9 1984-89, 1991-96 Martin Brundle
47%
Sweden 12 1980, 1983-91 Stefan Johansson
46%
Portugal 1 2005-06 Tiago Monteiro
46%
UK 10 1956-61 Tony Brooks
45%
Finland 1 1989-94 JJ Lehto
44%
Monaco 1 1950-51, 1953, 1955-56, 1958 Louis Chiron
44%
UK 9 1952-58 Peter Collins
44%
Italy 5 1980-94 Andrea de Cesaris
43%
Italy 6 1950-51 Luigi Fagioli
43%
Japan 1 1988-95 Aguri Suzuki
42%
Italy 9 1986-90 Alessandro Nannini
42%
France 2 1974-75, 1977-81 Jean-Pierre Jabouille
42%
France 19 1972, 1974-80 Patrick Depailler
42%
New Zealand 11 1963-76 Chris Amon
40%
Sweden 4 1976-77 Gunnar Nilsson
39%
Sweden 1 1956-71 Jo Bonnier
39%
Switzerland 6 1962-71 Jo Siffert
37%
Italy 7 1954-58 Luigi Musso
37%
France 10 1950-64 Maurice Trintignant
37%
USA 9 1978, 1980-89 Eddie Cheever
36%
Italy 8 1961-67 Lorenzo Bandini
36%
Italy 5 1950-56 Piero Taruffi
36%
USA 14 1960-67 Richie Ginther
36%
UK 3 1991, 1993-95 Mark Blundell
35%
France 8 1967-74 Jean-Pierre Beltoise
34%
Rhodesia 1 1962-65, 1967-72 John Love
34%
USA 8 1964, 1971-74 Peter Revson
34%
France 3 1971, 1973-83 Jean-Pierre Jarier
33%
Italy 1 1961-67 Giancarlo Baghetti
32%
Italy 1 1963-68 Ludovico Scarfiotti
32%
UK 4 1959-66 Innes Ireland
31%
France 9 1952-59 Jean Behra
31%
Belgium 1 1959-63, 1965, 1968 Lucien Bianchi
31%
Brazil 1 1982, 1987, 1989-92, 1995 Roberto Moreno
30%
UK 4 1981-90, 1993 Derek Warwick
29%
UK 1 1970-74 Peter Gethin
29%
Italy 1 1974-80 Vittorio Brambilla
29%
Italy 3 1955-57 Eugenio Castellotti
28%
Italy 3 1985-93 Ivan Capelli
26%
(West) Germany 2 1954-55 Karl Kling
26%
Italy 1 1987-92, 1994, 1997 Nicola Larini
26%
(West) Germany 2 1974-79 Hans-Joachim Stuck
25%
Brazil 1 1988-92 Mauricio Gugelmin
25%
Spain 1 1956-57 Alfonso de Portago
24%
Italy 1 1990-92, 1994-95, 1997 Gianni Morbidelli
24%
(West) Germany 1 1953-55, 1957-61, 1966, 1969 Hans Herrmann
23%
Italy 1 1977-83, 1990 Bruno Giacomelli
21%
Italy 2 1982, 1984-87 Teo Fabi
21%
Argentina 2 1951, 1953-54 Onofre Marimon
20%
UK 2 1974-77 Tom Pryce
20%
Italy 8 1950-56 Luigi Villoresi
19%
UK 2 1963-65, 1971-74 Mike Hailwood
19%
Belgium 2 1955-56, 1958-61 Olivier Gendebien
19%
Belgium 1 1952-56 Paul Frère
19%
France 1 1989-91, 1994 Eric Bernard
18%
South Africa 3 1961-65 Tony Maggs
18%
USA 2 1950-1960 Harry Schell
17%
France 1 1968-74, 1976 Henri Pescarolo
17%
(West) Germany 1 1970-76, 1978 Rolf Stommelen
17%
Italy 2 1987-92 Stefano Modena
17%
UK 2 1967-73, 1977 Jackie Oliver
16%
France 2 1950-56 Louis Rosier
16%
Switzerland 2 1951-52 Rudi Fischer
16%
UK 2 1957-58 Stuart Lewis-Evans
16%
Australia 1 1970-74 Tim Schenken
16%
Argentina 1 1953-58, 1960 Carlos Menditeguy
15%
USA 1 1971, 1974-75 Mark Donohue
15%
France 1 1984-88 Philippe Streiff
14%
Sweden 1 1970-74 Reine Wisell
14%
Belgium 1 1960-63, 1965 Willy Mairesse
14%
UK 2 1967-70 Piers Courage
13%
UK 1 1959, 1961-64, 1966 Trevor Taylor
13%
Italy 1 1950 Dorino Serafini
12%
France 1 1967-70 Johnny Servoz-Gavin
12%
USA 3 1957-63, 1965 Masten Gregory
12%
UK 2 1959, 1966-67 Mike Parkes
12%
UK 1 1950-54 Peter Whitehead
12%
UK 1 1950-52, 1954 Reg Parnell
12%
UK 1 1964-65, 1967-69 Richard Attwood
12%
France 2 1950-56 Robert Manzon
12%
UK 2 1952-62 Roy Salvadori
11%
UK 1 1958-61 Cliff Allison
10%
Italy 2 1950-53 Felice Bonetto
10%
USA 1 1973 George Follmer
10%
Italy 2 1953-57 Umberto Maglioli
10%
Italy 2 1955-57 Cesare Perdisa
9%
UK 1 1963-67 Rob Anderson
9%
UK 1 1963-68 Mike Spence
8%
UK 2 1963-64, 1966 Peter Arundell
8%
UK 1 1968, 1970-74 Brian Redman
7%
UK 1 1954, 1956-60 Ron Flockhart
6%
No matching quizzes found
Score Distribution
Percent of People with Each Score
Percentile by Number Answered
Your Score History
You have not taken this quiz since the last reset